| 000 | 00504nam a2200157 a 4500 | ||
|---|---|---|---|
| 001 | 000039310 | ||
| 005 | 20201002031605.0 | ||
| 008 | 130621s2013 dr a 000 0 spa d | ||
| 020 | _a9789945008159 | ||
| 040 |
_aDO-SdBNP _bspa _cBNPHU |
||
| 100 | 1 |
_aPalacio Ángel _957036 |
|
| 245 | 1 | 0 |
_aLet´s kill the sun / _cÁngel Palacio. |
| 260 |
_a[Santo Domingo] : _bÁngel Palacio Publishers, _c2013. |
||
| 300 |
_a151 p. : _bils. ; _c23 cm. |
||
| 590 | _aLa biblioteca posee 2 ejemplares autografiado por el autor | ||
| 999 |
_c38800 _d38800 |
||